Score 0/16 Timer 05:00
8 Plays Today
Hint Answer % Correct
What country is the largest producer and exporter of tulips?Netherlands
93.4%
What sea is fed by several large river systems, including the Elbe, Rhine, and Thames?North Sea
87.1%
What city in England is famous for its links with Robin Hood?Nottingham
86.6%
What historic Catholic cathedral stands on the Île de la Cité in Paris?Notre Dame
86.5%
What city in south-east France on the Mediterranean Sea is nicknamed 'The Beautiful'?Nice
85.8%
What region in northern France was the site of the largest seaborne invasion in history?Normandy
84.9%
In what city were trials held against Nazi war criminals?Nuremberg
80.5%
What is the capital of Cyprus?Nicosia
76.1%
Hint Answer % Correct
Which city is the capital of the Italian region of Campania?Naples
75.2%
Which city in Tyne and Wear in eastern England stands on the river Tyne?Newcastle upon Tyne
62.5%
Norwich is the capital of what English county in East Anglia?Norfolk
50.7%
What is the capital city of the Pays de la Loire region in France?Nantes
49.6%
What museum in London houses the national collection of paintings in the Western European tradition from the 13th to the 19th centuries?The National Gallery
41.1%
What city in Wales hosted the 2010 Ryder Cup?Newport
31.5%
Which Spanish province has Pamplona as its capital- the city known for the annual running of the bulls?Navarre
21.7%
What Dutch city on the Waal River near the German border is considered to be the oldest city in its country?Nijmegen
17.6%

You're not logged in!

Compare scores with friends on all Sporcle quizzes.
OR
Log In

Sporcle TV

Today on Sporcle TV


Watch our educational content, quiz creation guides, and fun videos on Sporcle TV.

Show Comments

Extras

Top Quizzes Today


Score Distribution

Your Account Isn't Verified!

In order to create a playlist on Sporcle, you need to verify the email address you used during registration. Go to your Sporcle Settings to finish the process.

Report this User

Report this user for behavior that violates our Community Guidelines.

Details: